[Event "London Classic U1825 op 10th"]
[Site "London"]
[Date "2018.12.15"]
[Round "3"]
[White "Brooker, Chris H"]
[Black "Fava, Lorenzo"]
[Result "0-1"]
[WhiteElo "1709"]
[BlackElo "1436"]
[PlyCount "84"]
[EventDate "2018.12.14"]
[EventType "swiss"]
[EventRounds "5"]
[EventCountry "ENG"]
[SourceTitle "CBM 187 Extra"]
[Source "ChessBase"]
[SourceDate "2018.11.04"]
[SourceVersion "1"]
[SourceVersionDate "2018.11.04"]
[SourceQuality "1"]

1. f4 d5 2. Nf3 c5 3. e3 Nc6 4. b3 e6 5. Bb2 Nf6 6. Bb5 Bd6 7. Bxc6+ bxc6 8. 0-0 Ba6 9. d3 Qb6 10. Qe1 c4 11. Bd4 c5 12. Be5 cxd3 13. cxd3 Bxd3 14. Rf2 Ne4 15. Rb2 f6 16. Bxd6 Qxd6 17. Qd1 Bxb1 18. Qxb1 0-0 19. Qd3 a5 20. Nd2 Nxd2 21. Qxd2 Rfd8 22. Rc1 d4 23. exd4 Qxd4+ 24. Qxd4 cxd4 25. Rc6 Rac8 26. Rbc2 Rxc6 27. Rxc6 e5 28. fxe5 fxe5 29. Kf2 e4 30. Re6 e3+ 31. Ke2 d3+ 32. Ke1 e2 33. Kd2 Kf7 34. Re3 Re8 35. Rxe8 Kxe8 36. Ke1 Kd7 37. Kd2 Kc6 38. a3 Kc5 39. Ke1 Kd4 40. Kd2 e1Q+ 41. Kxe1 Kc3 42. Kd1 Kxb3 0-1

[Event "Gibraltar Amateur op-A"]
[Site "Caleta"]
[Date "2017.01.26"]
[Round "4"]
[White "Brooker, Chris H"]
[Black "Rios Gonzalez, Jose Antonio"]
[Result "0-1"]
[WhiteElo "1761"]
[BlackElo "1847"]
[PlyCount "114"]
[EventDate "2017.01.23"]
[EventType "swiss"]
[EventRounds "5"]
[EventCountry "GGB"]
[SourceTitle "CBM 176 Extra"]
[Source "ChessBase"]
[SourceDate "2017.03.02"]
[SourceVersion "1"]
[SourceVersionDate "2017.03.02"]
[SourceQuality "1"]

1. f4 d5 2. e3 Nc6 3. Nf3 Bf5 4. Bb5 a6 5. Bxc6+ bxc6 6. 0-0 Nf6 7. b3 g6 8. Bb2 Bg7 9. d3 0-0 10. Qe1 c5 11. Nbd2 c6 12. Rb1 a5 13. a4 Qb6 14. Ne5 Nd7 15. Nxd7 Bxd7 16. Bxg7 Kxg7 17. Qg3 Qc7 18. Nf3 f6 19. Rbe1 c4 20. dxc4 dxc4 21. bxc4 Be6 22. Nd4 Bxc4 23. Rf2 Kh8 24. Qh3 Qc8 25. Qh4 c5 26. Nf3 Qc6 27. e4 Qxa4 28. e5 Ra7 29. Qh6 Kg8 30. f5 Qe8 31. exf6 Rxf6 32. Ng5 e5 33. fxg6 Rxg6 34. Qh5 Qe7 35. Nf3 e4 36. Nh4 Rg5 37. Qh6 Qg7 38. Qxg7+ Kxg7 39. Rxe4 Bd5 40. Ra4 Bc6 41. Raf4 h6 42. Rf6 Be4 43. R6f4 Bh7 44. Nf5+ Bxf5 45. Rxf5 a4 46. Rxg5+ hxg5 47. c3 a3 48. Ra2 Kf6 49. Kf2 Ke5 50. Ke3 Kd5 51. Kd3 c4+ 52. Ke3 Kc5 53. Ke4 Kb5 54. Kf5 Ka4 55. Kxg5 Kb3 56. h4 Kxa2 57. g4 Kb3 0-1

[Event "London Classic op U1825 8th"]
[Site "London"]
[Date "2016.12.10"]
[Round "3"]
[White "Brooker, Chris H"]
[Black "Metcalfe, Charlie P"]
[Result "1/2-1/2"]
[WhiteElo "1803"]
[BlackElo "1538"]
[PlyCount "56"]
[EventDate "2016.12.09"]
[EventType "swiss"]
[EventRounds "5"]
[EventCountry "ENG"]
[SourceTitle "EXT 2019"]
[Source "ChessBase"]
[SourceDate "2018.10.10"]
[SourceVersion "1"]
[SourceVersionDate "2018.10.10"]
[SourceQuality "1"]

1. f4 d5 2. Nf3 Nf6 3. e3 c5 4. g3 Bg4 5. Bg2 g6 6. 0-0 Bg7 7. Qe1 Nc6 8. c3 0-0 9. d3 Bf5 10. Qe2 Qc7 11. h3 e5 12. Nh4 Bd7 13. e4 dxe4 14. dxe4 Nh5 15. Qf2 exf4 16. gxf4 Bh6 17. Be3 Nxf4 18. Bxf4 Qxf4 19. Qxf4 Bxf4 20. Rxf4 g5 21. Rf2 gxh4 22. Nd2 Ne5 23. Nf3 Ng6 24. Kh2 Rae8 25. Nd2 Bc6 26. Rg1 Kh8 27. Rf5 Re5 28. Rgf1 Kg7 1/2-1/2

[Event "Guernsey Holiday op 42nd"]
[Site "Guernsey"]
[Date "2016.10.22"]
[Round "7"]
[White "Bateman, Kerry"]
[Black "Brooker, Chris H"]
[Result "1-0"]
[WhiteElo "1742"]
[BlackElo "1700"]
[PlyCount "87"]
[EventDate "2016.10.16"]
[EventType "swiss"]
[EventRounds "7"]
[EventCountry "GCI"]
[SourceTitle "EXT 2022"]
[Source "ChessBase"]
[SourceDate "2021.10.06"]
[SourceVersion "1"]
[SourceVersionDate "2021.10.06"]
[SourceQuality "1"]

1. e4 e6 2. d4 d5 3. Nc3 Nf6 4. e5 Nfd7 5. f4 c5 6. Nf3 Nc6 7. Be3 Be7 8. Be2 cxd4 9. Nxd4 0-0 10. Qd2 Nxd4 11. Bxd4 Bc5 12. 0-0-0 a6 13. f5 Qc7 14. f6 Bxd4 15. fxg7 Bxc3 16. gxf8Q+ Kxf8 17. Qxc3 Qxc3 18. bxc3 Nxe5 19. c4 dxc4 20. Rhe1 Ke7 21. Bh5 f6 22. Rd4 Bd7 23. Bf3 Nxf3 24. gxf3 b5 25. Rg1 Be8 26. Rg7+ Bf7 27. Rxh7 e5 28. Rg4 Ke6 29. Rgg7 Rf8 30. Kd2 a5 31. Kc3 Ke7 32. a3 Ke8 33. h4 Ke7 34. h5 Ke8 35. h6 Ke7 36. Rg1 Ke6 37. Rhg7 Rh8 38. Rh1 Ke7 39. Rh2 Kf8 40. Rg4 Rh7 41. Rgh4 Ke7 42. Re2 Bg6 43. Rg2 Kf7 44. Rd2 1-0

[Event "Guernsey Holiday op 42nd"]
[Site "Guernsey"]
[Date "2016.10.18"]
[Round "3"]
[White "Brooker, Chris H"]
[Black "Jones, Sidney A"]
[Result "1-0"]
[WhiteElo "1700"]
[BlackElo "1472"]
[PlyCount "75"]
[EventDate "2016.10.16"]
[EventType "swiss"]
[EventRounds "7"]
[EventCountry "GCI"]
[SourceTitle "EXT 2022"]
[Source "ChessBase"]
[SourceDate "2021.10.06"]
[SourceVersion "1"]
[SourceVersionDate "2021.10.06"]
[SourceQuality "1"]

1. f4 d5 2. g3 Nf6 3. Nf3 e6 4. Bg2 c5 5. d3 Be7 6. 0-0 0-0 7. Qe1 Nbd7 8. e4 dxe4 9. dxe4 Rb8 10. h3 b6 11. e5 Nd5 12. Rf2 Bb7 13. Rd2 c4 14. Kh1 Bc5 15. Rd1 Qc7 16. a3 b5 17. Nc3 a6 18. Ne4 Be7 19. Bd2 Nc5 20. Ba5 Qc6 21. Nd4 Qc8 22. Nc3 Nxc3 23. Bxc3 Bxg2+ 24. Kxg2 Qb7+ 25. Nf3 Rfd8 26. Ba5 Rd5 27. g4 Bd8 28. Rxd5 exd5 29. Bc3 Bb6 30. Rd1 Rd8 31. Bd4 Ne6 32. Kg3 Nxd4 33. Nxd4 Qa7 34. Nc6 Qc7 35. Nxd8 Qxd8 36. c3 d4 37. cxd4 g6 38. d5 1-0

[Event "Guernsey Holiday op"]
[Site "Guernsey"]
[Date "2011.10.20"]
[Round "5"]
[White "Brooker, Chris H"]
[Black "Dokter, Marike"]
[Result "1-0"]
[WhiteElo "1712"]
[BlackElo "1570"]
[PlyCount "43"]
[EventDate "2011.10.16"]
[EventType "swiss"]
[EventRounds "7"]
[EventCountry "GCI"]
[SourceTitle "EXT 2015"]
[Source "ChessBase"]
[SourceDate "2014.11.20"]
[SourceVersion "1"]
[SourceVersionDate "2014.11.20"]
[SourceQuality "1"]

1. f4 d5 2. b3 Nf6 3. e3 c5 4. Nf3 Nc6 5. Bb5 Bd7 6. Bb2 e6 7. 0-0 a6 8. Bxc6 Bxc6 9. Ne5 Rc8 10. d3 b5 11. Nd2 h5 12. Rf3 d4 13. e4 Bd6 14. Nxc6 Rxc6 15. e5 Bxe5 16. fxe5 Ng4 17. Qe1 h4 18. h3 Ne3 19. Rxe3 dxe3 20. Qxe3 Rh5 21. Qf3 Rf5 22. Qxc6+ 1-0

[Event "Guernsey Holiday op"]
[Site "Guernsey"]
[Date "2011.10.19"]
[Round "4"]
[White "Brookes, Jean Paul"]
[Black "Brooker, Chris H"]
[Result "0-1"]
[WhiteElo "1597"]
[BlackElo "1712"]
[PlyCount "42"]
[EventDate "2011.10.16"]
[EventType "swiss"]
[EventRounds "7"]
[EventCountry "GCI"]
[SourceTitle "EXT 2015"]
[Source "ChessBase"]
[SourceDate "2014.11.20"]
[SourceVersion "1"]
[SourceVersionDate "2014.11.20"]
[SourceQuality "1"]

1. e4 e6 2. d4 d5 3. Nc3 Bb4 4. e5 c5 5. a3 cxd4 6. Qxd4 Ba5 7. b4 Bb6 8. Qd3 Ne7 9. f4 Nbc6 10. Nge2 a6 11. b5 axb5 12. Nxb5 0-0 13. h4 f6 14. exf6 Rxf6 15. Bb2 Rf7 16. 0-0-0 Na5 17. Ned4 Nec6 18. Re1 Nxd4 19. Nxd4 Bxd4 20. Qxd4 Qc7 21. g3 Nb3+ 0-1

[Event "Guernsey Holiday op"]
[Site "Guernsey"]
[Date "2011.10.16"]
[Round "1"]
[White "Brooker, Chris H"]
[Black "Harnden, Terry"]
[Result "0-1"]
[WhiteElo "1712"]
[BlackElo "1423"]
[PlyCount "134"]
[EventDate "2011.10.16"]
[EventType "swiss"]
[EventRounds "7"]
[EventCountry "GCI"]
[SourceTitle "EXT 2015"]
[Source "ChessBase"]
[SourceDate "2014.11.20"]
[SourceVersion "1"]
[SourceVersionDate "2014.11.20"]
[SourceQuality "1"]

1. f4 g6 2. e4 d6 3. Nf3 Nf6 4. d3 c5 5. Be2 Bg7 6. 0-0 e6 7. Qe1 0-0 8. Qh4 Nh5 9. Qh3 Nc6 10. c3 Bd7 11. Ng5 Nf6 12. e5 dxe5 13. fxe5 Nxe5 14. Rxf6 h6 15. Rf1 hxg5 16. Nd2 f5 17. Qg3 Nf7 18. Nf3 f4 19. Qf2 b6 20. Nd2 Bc6 21. Ne4 Bd5 22. Rd1 Qe7 23. Bd2 Rac8 24. Be1 a6 25. Nd2 b5 26. Bf3 b4 27. Ne4 Ne5 28. Be2 a5 29. d4 cxd4 30. cxd4 Nc6 31. Qf3 Nxd4 32. Qd3 Nxe2+ 33. Qxe2 Bxe4 34. Qxe4 Qc5+ 35. Bf2 Qf5 36. Qxf5 gxf5 37. Rd2 Rfd8 38. Re2 Kf7 39. Bb6 Bd4+ 40. Bxd4 Rxd4 41. Rae1 Rc6 42. b3 Rcd6 43. Kf2 Kf6 44. Kf1 Rd2 45. Kf2 e5 46. Kf1 e4 47. Kf2 e3+ 48. Kf1 Rd1 49. Rc2 Rxe1+ 50. Kxe1 Rd5 51. Ke2 g4 52. g3 fxg3 53. hxg3 Re5 54. Kd3 Kg5 55. Ke2 f4 56. gxf4+ Kxf4 57. Rc1 g3 58. Rc4+ Re4 59. Rc8 Kg4 60. Rg8+ Kf4 61. Rf8+ Ke5 62. Rf3 Kd4 63. Rxg3 Kc3 64. Rg2 Re5 65. Rh2 Kb2 66. Kd3+ e2 67. Rg2 Ka3 0-1

[Event "Guernsey Holiday op"]
[Site "Guernsey"]
[Date "2010.10.18"]
[Round "2"]
[White "Brooker, Chris H"]
[Black "Timmerman, Peter"]
[Result "0-1"]
[WhiteElo "1776"]
[BlackElo "1606"]
[PlyCount "54"]
[EventDate "2010.10.17"]
[EventType "swiss"]
[EventRounds "7"]
[EventCountry "GCI"]
[SourceTitle "EXT 2013"]
[Source "ChessBase"]
[SourceDate "2012.11.22"]
[SourceVersion "1"]
[SourceVersionDate "2012.11.22"]
[SourceQuality "1"]

1. f4 d5 2. e3 g6 3. Nf3 Bg7 4. Be2 Nf6 5. 0-0 0-0 6. d3 c5 7. Ne5 Nc6 8. Nxc6 bxc6 9. Nd2 e6 10. Nf3 Qc7 11. c4 Bb7 12. Qe1 h6 13. Bd1 a5 14. e4 Nd7 15. f5 exf5 16. exf5 Rae8 17. Qh4 Qd8 18. fxg6 fxg6 19. Qh3 Ne5 20. Nxe5 Rxf1+ 21. Kxf1 Rxe5 22. Bf3 dxc4 23. Be4 Rxe4 24. dxe4 Qd1+ 25. Kf2 Bd4+ 26. Kg3 Qe1+ 27. Kf3 Qf2+ 0-1

[Event "Guernsey Holiday op"]
[Site "Guernsey"]
[Date "2008.10.25"]
[Round "7"]
[White "Kearsley, Raymond J"]
[Black "Brooker, Chris H"]
[Result "0-1"]
[WhiteElo "1608"]
[BlackElo "1670"]
[PlyCount "86"]
[EventDate "2008.10.19"]
[EventType "swiss"]
[EventRounds "7"]
[EventCountry "GCI"]
[SourceTitle "EXT 2011"]
[Source "ChessBase"]
[SourceDate "2010.11.26"]
[SourceVersion "1"]
[SourceVersionDate "2010.11.26"]
[SourceQuality "1"]

1. e4 d5 2. exd5 Qxd5 3. Nc3 Qa5 4. d4 c6 5. Nf3 Nf6 6. Bc4 Bf5 7. Bd2 Qc7 8. Ne5 e6 9. g4 Be4 10. Nxe4 Nxe4 11. Bf4 Bd6 12. Qf3 Nf6 13. 0-0-0 Nbd7 14. Bg3 Nxe5 15. dxe5 Bxe5 16. Bxe5 Qxe5 17. Kb1 Qe4 18. Qb3 0-0 19. f3 Qe5 20. Rhe1 Qc7 21. Qe3 b5 22. Bd3 Nd5 23. Qe4 g6 24. h4 c5 25. Bxb5 Rab8 26. c4 Nc3+ 27. bxc3 a6 28. h5 axb5 29. hxg6 bxc4+ 30. Ka1 hxg6 31. Rd2 Rfd8 32. Rxd8+ Rxd8 33. Qxc4 Rd2 34. Rh1 Qb7 35. Rb1 Qxf3 36. g5 Qd5 37. Qxd5 Rxd5 38. Rg1 Kf8 39. Kb2 c4 40. Rg4 Ke7 41. Ka3 Ra5+ 42. Kb4 Rxa2 43. Kxc4 Ra4+ 0-1

[Event "Guernsey Holiday op"]
[Site "Guernsey"]
[Date "2008.10.22"]
[Round "4"]
[White "Brooker, Chris H"]
[Black "Foran, Barry"]
[Result "1-0"]
[WhiteElo "1670"]
[BlackElo "1310"]
[PlyCount "89"]
[EventDate "2008.10.19"]
[EventType "swiss"]
[EventRounds "7"]
[EventCountry "GCI"]
[SourceTitle "EXT 2011"]
[Source "ChessBase"]
[SourceDate "2010.11.26"]
[SourceVersion "1"]
[SourceVersionDate "2010.11.26"]
[SourceQuality "1"]

1. f4 c6 2. Nf3 d5 3. e3 Bg4 4. Be2 Nf6 5. b3 e6 6. Bb2 Nbd7 7. 0-0 Bd6 8. Qe1 Qb6 9. Kh1 Bxf3 10. Rxf3 0-0-0 11. Na3 e5 12. fxe5 Bxe5 13. Bxe5 Nxe5 14. Rf4 Ne4 15. d4 g5 16. Rf1 Ng6 17. Rxf7 Rdf8 18. Rxf8+ Rxf8 19. c4 Qd8 20. Bf3 Qe7 21. Nc2 Nh4 22. Bxe4 Qxe4 23. Qe2 dxc4 24. bxc4 h5 25. Kg1 g4 26. Rf1 Rxf1+ 27. Kxf1 Nf5 28. c5 h4 29. Ke1 h3 30. gxh3 gxh3 31. Qf2 Kc7 32. Qf4+ Qxf4 33. exf4 b6 34. Ke2 b5 35. Kf3 Nh6 36. Kg3 a5 37. a3 Nf5+ 38. Kxh3 Kd7 39. Kg4 Ke6 40. Kg5 b4 41. axb4 a4 42. h4 Nxd4 43. Nxd4+ Kd5 44. Nc2 Kc4 45. h5 1-0

[Event "Guernsey Holiday op 33rd"]
[Site "Guernsey"]
[Date "2007.10.27"]
[Round "7"]
[White "Brooker, Chris H"]
[Black "Palmer, Eric L"]
[Result "1/2-1/2"]
[WhiteElo "1670"]
[BlackElo "1566"]
[PlyCount "94"]
[EventDate "2007.10.21"]
[EventType "swiss"]
[EventRounds "7"]
[EventCountry "GCI"]
[SourceTitle "EXT 2022"]
[Source "ChessBase"]
[SourceDate "2021.10.06"]
[SourceVersion "1"]
[SourceVersionDate "2021.10.06"]
[SourceQuality "1"]

1. f4 d5 2. e3 Nf6 3. Nf3 Bg4 4. b3 g6 5. Bb2 Bg7 6. Be2 Bxf3 7. Bxf3 c6 8. 0-0 e6 9. Nc3 0-0 10. Ne2 Nbd7 11. g4 Ne4 12. Bxg7 Kxg7 13. d3 Nd6 14. Ng3 f5 15. Qe1 h6 16. Kg2 Qf6 17. h4 e5 18. g5 hxg5 19. hxg5 Qe6 20. Qc3 Kf7 21. Rh1 Rh8 22. a4 Rag8 23. Rae1 Qe8 24. d4 e4 25. Be2 Kg7 26. Qb4 Qf8 27. c4 Rxh1 28. Rxh1 b6 29. cxd5 cxd5 30. Qc3 Qc8 31. Rc1 Qxc3 32. Rxc3 Rc8 33. Rxc8 Nxc8 34. Ba6 Ne7 35. Ne2 Kf7 36. Nc3 Ke6 37. Nb5 Nb8 38. Bb7 Nbc6 39. Kf2 Kd7 40. Ke2 a5 41. Bxc6+ Nxc6 42. Kd2 Nb4 43. Na3 Kd6 44. Nc2 Nxc2 45. Kxc2 Kc6 46. b4 Kd6 47. Kb3 Kc6 1/2-1/2

[Event "Twente Young Master op-C"]
[Site "Twente"]
[Date "2007.08.08"]
[Round "5"]
[White "Brooker, Chris H"]
[Black "Warmelink, Evie"]
[Result "1-0"]
[WhiteElo "1807"]
[BlackElo "1666"]
[PlyCount "41"]
[EventDate "2007.08.06"]
[EventType "swiss"]
[EventRounds "9"]
[EventCountry "NED"]
[SourceTitle "EXT 2008"]
[Source "ChessBase"]
[SourceDate "2007.11.25"]
[SourceVersion "1"]
[SourceVersionDate "2007.11.25"]
[SourceQuality "1"]

1. e4 c5 2. Nf3 d6 3. d4 cxd4 4. Nxd4 Nf6 5. Nc3 e6 6. Be3 Be7 7. f3 0-0 8. Qd2 a6 9. 0-0-0 Nc6 10. g4 Qc7 11. h4 b5 12. h5 Nxd4 13. Bxd4 b4 14. Ne2 e5 15. Be3 Be6 16. g5 Nd7 17. g6 b3 18. axb3 a5 19. h6 hxg6 20. hxg7 Rfb8 21. Bb6 1-0

[Event "Guernsey Holiday op"]
[Site "Cobo Bay"]
[Date "2005.10.20"]
[Round "5"]
[White "Brooker, Chris H"]
[Black "Cross, Ian K"]
[Result "1/2-1/2"]
[WhiteElo "1700"]
[BlackElo "1544"]
[PlyCount "48"]
[EventDate "2005.10.16"]
[EventType "swiss"]
[EventRounds "7"]
[EventCountry "GCI"]
[SourceTitle "EXT 2007"]
[Source "ChessBase"]
[SourceDate "2006.11.23"]
[SourceVersion "1"]
[SourceVersionDate "2006.11.23"]
[SourceQuality "1"]

1. f4 d5 2. Nf3 c5 3. e3 Nf6 4. b3 Bg4 5. Bb2 e6 6. Be2 Nc6 7. d3 Bd6 8. 0-0 0-0 9. h3 Bxf3 10. Bxf3 e5 11. fxe5 Bxe5 12. Bxe5 Nxe5 13. Nd2 Rc8 14. Be2 Rc7 15. Nf3 Re8 16. c4 Rd7 17. Qc1 dxc4 18. Nxe5 Rxe5 19. bxc4 Rde7 20. e4 Nd7 21. Qb2 Nb8 22. Rf2 Nc6 23. Rb1 Nd4 24. Bf1 Qc7 1/2-1/2

[Event "Guernsey Holiday op"]
[Site "Cobo Bay"]
[Date "2005.10.17"]
[Round "2"]
[White "Kershaw, Graham J"]
[Black "Brooker, Chris H"]
[Result "0-1"]
[WhiteElo "1552"]
[BlackElo "1700"]
[PlyCount "46"]
[EventDate "2005.10.16"]
[EventType "swiss"]
[EventRounds "7"]
[EventCountry "GCI"]
[SourceTitle "EXT 2007"]
[Source "ChessBase"]
[SourceDate "2006.11.23"]
[SourceVersion "1"]
[SourceVersionDate "2006.11.23"]
[SourceQuality "1"]

1. e4 d5 2. exd5 Qxd5 3. d4 Nf6 4. Nf3 Bg4 5. Be2 e6 6. Bf4 Bd6 7. c4 Qa5+ 8. Bd2 Bb4 9. Nc3 c6 10. a3 Bxc3 11. Bxc3 Qc7 12. 0-0 0-0 13. d5 Nbd7 14. dxc6 Qxc6 15. Nd4 Bxe2 16. Nxc6 Bxd1 17. Ne7+ Kh8 18. Raxd1 Rfe8 19. Bb4 a5 20. Bd6 Ne4 21. c5 Nexc5 22. Bxc5 Nxc5 23. Rc1 Na6 0-1

[Event "Guernsey Holiday op"]
[Site "Cobo Bay"]
[Date "2005.10.16"]
[Round "1"]
[White "Brooker, Chris H"]
[Black "Rowe, Oliver"]
[Result "1-0"]
[WhiteElo "1700"]
[BlackElo "1530"]
[PlyCount "55"]
[EventDate "2005.10.16"]
[EventType "swiss"]
[EventRounds "7"]
[EventCountry "GCI"]
[SourceTitle "EXT 2007"]
[Source "ChessBase"]
[SourceDate "2006.11.23"]
[SourceVersion "1"]
[SourceVersionDate "2006.11.23"]
[SourceQuality "1"]

1. f4 e6 2. e3 d5 3. Nf3 Nf6 4. b3 c5 5. Bb2 Be7 6. Ne5 0-0 7. Be2 Nc6 8. Nxc6 bxc6 9. 0-0 d4 10. Na3 Ne4 11. d3 Nd6 12. e4 f6 13. Qe1 e5 14. f5 a5 15. Nc4 a4 16. Nxd6 Bxd6 17. Qh4 Qa5 18. Bd1 a3 19. Bc1 c4 20. dxc4 Bb4 21. Be2 Bd2 22. Bd3 Bxc1 23. Raxc1 c5 24. Qe1 Qc3 25. Qxc3 dxc3 26. Kf2 Rd8 27. Ke3 g5 28. fxg6 1-0